|
|
|
|
| LEADER |
00000cam a2200000 c 4500 |
| 001 |
273682741 |
| 003 |
DE-627 |
| 005 |
20251222212514.0 |
| 007 |
tu |
| 008 |
990101s1986 xxu||||| 00| ||eng c |
| 020 |
|
|
|a 0398051615
|9 0-398-05161-5
|
| 035 |
|
|
|a (DE-627)273682741
|
| 035 |
|
|
|a (DE-576)021055580
|
| 035 |
|
|
|a (DE-599)GBV273682741
|
| 035 |
|
|
|a (OCoLC)246805270
|
| 035 |
|
|
|a (OCoLC)12134870
|
| 035 |
|
|
|a (OCoLC)12134870
|
| 035 |
|
|
|a (DE-604)8009740694
|
| 040 |
|
|
|a DE-627
|b ger
|c DE-627
|e rakwb
|
| 041 |
|
|
|a eng
|
| 044 |
|
|
|c XD-US
|
| 082 |
0 |
|
|a 381/.45306742/0973
|
| 084 |
|
|
|a MS 2880
|2 rvk
|0 (DE-625)rvk/123649:
|
| 084 |
|
|
|a MS 2870
|2 rvk
|0 (DE-625)rvk/123648:
|
| 100 |
1 |
|
|a Reynolds, Helen
|d 1947-
|0 (DE-588)170118371
|0 (DE-627)060153725
|0 (DE-576)131027875
|4 aut
|
| 109 |
|
|
|a Reynolds, Helen 1947-
|
| 245 |
1 |
4 |
|a The economics of prostitution
|
| 264 |
|
1 |
|a Springfield, Ill.
|b Thomas
|c 1986
|
| 300 |
|
|
|a XI, 206 S
|
| 336 |
|
|
|a Text
|b txt
|2 rdacontent
|
| 337 |
|
|
|a ohne Hilfsmittel zu benutzen
|b n
|2 rdamedia
|
| 338 |
|
|
|a Band
|b nc
|2 rdacarrier
|
| 500 |
|
|
|a Literaturverz. S. 197 - 200
|
| 505 |
8 |
|
|a Literaturverz. S. 197 - 200
|
| 583 |
1 |
|
|a Archivierung prüfen
|c 20200919
|f DE-640
|z 2
|2 pdager
|
| 583 |
1 |
|
|a Archivierung prüfen
|c 20240324
|f DE-4165
|z 2
|2 pdager
|
| 650 |
|
7 |
|8 1.1\x
|a Prostitution
|0 (DE-627)091384753
|0 (DE-2867)16672-6
|2 stw
|
| 650 |
|
7 |
|8 1.2\x
|a Usa
|0 (DE-627)091396867
|0 (DE-2867)17829-1
|2 stw
|
| 650 |
|
7 |
|8 1.3\x
|a San Francisco (Calif.)
|0 (DE-627)091416477
|2 stw
|
| 650 |
|
7 |
|8 1.4\x
|a Nevada
|0 (DE-627)091413257
|2 stw
|
| 650 |
|
7 |
|8 1.5\x
|a Boston (Mass.)
|0 (DE-627)091405009
|2 stw
|
| 650 |
|
7 |
|8 1.6\x
|a Dallas (Tex.)
|0 (DE-627)091406277
|2 stw
|
| 655 |
|
4 |
|0 (DE-206)28
|a Lehrbuch
|5 DE-206
|
| 689 |
0 |
0 |
|d g
|0 (DE-588)4078704-7
|0 (DE-627)106076612
|0 (DE-576)209209682
|a USA
|2 gnd
|
| 689 |
0 |
1 |
|d s
|0 (DE-588)4047516-5
|0 (DE-627)106194380
|0 (DE-576)209073810
|a Prostitution
|2 gnd
|
| 689 |
0 |
|
|5 (DE-627)
|
| 889 |
|
|
|w (DE-627)025747185
|
| 889 |
|
|
|w (DE-627)255198647
|
| 935 |
|
|
|i mdedup
|
| 935 |
|
|
|i Blocktest
|
| 936 |
r |
v |
|a MS 2880
|b Sexuierte Praktiken (Prostitution, Pornographie, auch abweichendes Sexualverhalten, etc.)
|k Soziologie
|k Spezielle Soziologien
|k Soziologische Geschlechterforschung (Gender Studies)
|k Sexuierte Praktiken (Prostitution, Pornographie, auch abweichendes Sexualverhalten, etc.)
|0 (DE-627)1271304899
|0 (DE-625)rvk/123649:
|0 (DE-576)201304899
|
| 936 |
r |
v |
|a MS 2870
|b Sexuelle Orientierung, Geschlechtsidentität
|k Soziologie
|k Spezielle Soziologien
|k Soziologische Geschlechterforschung (Gender Studies)
|k Sexuelle Orientierung, Geschlechtsidentität
|0 (DE-627)1271082861
|0 (DE-625)rvk/123648:
|0 (DE-576)201082861
|
| 951 |
|
|
|a BO
|
| ELC |
|
|
|b 1
|
| LOK |
|
|
|0 000 xxxxxcx a22 zn 4500
|
| LOK |
|
|
|0 001 3341065563
|
| LOK |
|
|
|0 003 DE-627
|
| LOK |
|
|
|0 004 273682741
|
| LOK |
|
|
|0 005 19900719000000
|
| LOK |
|
|
|0 008 900719||||||||||||||||ger|||||||
|
| LOK |
|
|
|0 040
|a DE-21
|c DE-627
|d DE-21
|
| LOK |
|
|
|0 852
|a DE-21
|
| LOK |
|
|
|0 852 1
|c KB 18 A 842
|9 00
|
| LOK |
|
|
|0 935
|a krim
|
| LOK |
|
|
|0 936ln
|a k1
|
| LOK |
|
|
|0 939
|a 19-07-90
|b l01
|
| ORI |
|
|
|a SA-MARC-krimdoka001.raw
|
| SIG |
|
|
|a UB: KB 18 A 842
|